LEADER 02399 am 22007093u 450 001 9910348241503321 005 20200324081352.0 010 $a1-135-79752-8 010 $a1-135-79753-6 010 $a1-280-16775-0 010 $a9786610167753 010 $a0-203-98618-0 024 3 $a9781138179455 035 $a(CKB)1000000000247472 035 $a(EBL)241732 035 $a(OCoLC)475958487 035 $a(SSID)ssj0000224463 035 $a(PQKBManifestationID)11187016 035 $a(PQKBTitleCode)TC0000224463 035 $a(PQKBWorkID)10210670 035 $a(PQKB)10836463 035 $a(MiAaPQ)EBC241732 035 $a(OCoLC)1050975129 035 $a(OCoLC-P)1050975129 035 $a(FlBoTFG)9781135797539 035 $a(EXLCZ)991000000000247472 100 $a20170112j20170107 uy 0 101 0 $aeng 135 $aur|n||||||||| 181 $ctxt 182 $cc 183 $acr 200 12$aA Popular Dictionary of Hinduism 210 $aGeorgetown $cRoutledge, Chapman & Hall, Incorporated$dJan. 2017 215 $a1 online resource (129 p.) 300 $aDescription based upon print version of record. 311 $a1-138-17945-0 311 $a0-7007-1049-3 327 $aBook Cover; Half-Title; Title; Copyright; ABBREVIATIONS; PREFACE; ACKNOWLEDGEMENT; A NOTE ON THE PRONUNCIATION OF THE SANSKRIT ALPHABET; INTRODUCTION 330 8 $aAnnotation$bA multi-purpose reference work which should become an indispensable companion for anybody who comes into touch with Hinduism. Includes a dictionary of Sanskrit and vernacular terms; a glossary of terms and concepts; and a survey of the historical development of Hinduism. 531 $aA POPULAR DICTIONARY OF HINDUISM 606 $aDictionaries 606 $aHinduism 606 $aHinduism-- Dictionaries 606 $aEastern Religions$2HILCC 606 $aReligion$2HILCC 606 $aPhilosophy & Religion$2HILCC 608 $aElectronic books. 615 4$aDictionaries. 615 4$aHinduism. 615 4$aHinduism-- Dictionaries. 615 7$aEastern Religions 615 7$aReligion 615 7$aPhilosophy & Religion 676 $a294.503 700 $aWerner$b Karel$0972872 801 0$bOCoLC-P 801 1$bOCoLC-P 906 $aBOOK 912 $a9910348241503321 996 $aA Popular Dictionary of Hinduism$92213203 997 $aUNINA LEADER 03338oam 2200601 450 001 9910433238803321 005 20230621141058.0 010 $a9781526126474$b(PDF ebook) 010 $a1526126478$b(PDF ebook) 010 $a9781526126481$b(EPUB ebook) 010 $z9781526126467$b(hardback) 010 $z152612646X$b(hardback) 024 7 $a10.7765/9781526126474 035 $a(CKB)5400000000000606 035 $a(ScCtBLL)1aa62824-a996-4c5a-8cee-da6261f832b4 035 $a(oapen)https://directory.doabooks.org/handle/20.500.12854/31478 035 $a(DE-B1597)660475 035 $a(DE-B1597)9781526126474 035 $a(EXLCZ)995400000000000606 100 $a20210126h20202020 fy| 0 101 0 $aeng 135 $auru|||||||||| 181 $ctxt$2rdacontent 182 $cc$2rdamedia 183 $acr$2rdacarrier 200 10$aHouses built on sand $eviolence, sectarianism and revolution in the Middle East /$fSimon Mabon 210 $cManchester University Press$d2020 210 1$aManchester, UK :$cManchester University Press,$d2020. 210 4$dİ2020 215 $a1 online resource (xi, 254 pages) $cdigital file(s) 225 1 $aIdentities and geopolitics in the Middle East 311 08$aPrint version: Mabon, Simon. Houses built on sand. Manchester, UK: Manchester University Press, 2020 9781526126467 152612646X 320 $aIncludes bibliographical references and index. 327 $aForeword -- Acknowledgements -- Introduction -- 1. The politics of sovereignty and space -- 2. Letters and declarations -- 3. Ink on paper -- 4. The dawla and the umma -- 5. Building Beirut, transforming Jerusalem and breaking Basra -- 6. The people want the fall of the regime -- 7. The regime fights back -- 8. Houses built on sand -- Conclusion: the end of the dream -- Selected bibliography -- Index. 330 $aThe events of the Arab Uprisings posed an existential challenge to sovereign power across the Middle East. Whilst some regimes were able to withstand these challenges through recourse to coercive strategies, others were toppled. This book questions why some regimes fell whilst others were able to survive. It argues that this was a direct consequence of state building processes and the cultivation of particular relationships between rulers and ruled. One of the consequences of such efforts is the transformation of regional politics along increasingly 'sectarianized' lines to devastating effect. This book offers a timely and unique approach to linking the events of the Arab Uprisings and on-going conflict across the region through exploring the marginalization and manipulation of identities across the Middle East. 410 0$aIdentities and geopolitics in the Middle East. 606 $aPolitical violence$zMiddle East 606 $aArab spring, 2010- 606 $aPower (Social sciences)$zMiddle East 607 $aMiddle East$xPolitics and government$y1979- 610 $aPolitical Science 610 $aWorld 610 $aMiddle Eastern 615 0$aPolitical violence 615 0$aArab spring, 2010- 615 0$aPower (Social sciences) 676 $a303.48330956 700 $aMabon$b Simon$0762164 801 0$bUkMaJRU 906 $aBOOK 912 $a9910433238803321 996 $aHouses built on sand$92105955 997 $aUNINA